000
00346pam a2200157a 44500
008
230405s2002 xxu||||| |||| 00| 0 eng d
041
_a
ENG
100
_a
susan annunzio
245
_a
Evolutionary leadership
250
_a
1
260
_a
_b
Texere pub.
_c
2002
300
_a
242p,24cms
440
_a
1195
690
_a
IMRDA
906
_a
2787
999
_c
255646
_d
255646